| 000 | 00603nam a2200205 a 4500 | ||
|---|---|---|---|
| 005 | 20230623063548.0 | ||
| 008 | 991125s1992 mx 000 0 spa u | ||
| 020 | _a968291566X (SEP) | ||
| 020 | _a9684111320 (Era) | ||
| 035 | _aUPN01000035378 | ||
| 049 | _aI | ||
| 050 | 4 |
_aPZ73 M6 _bP6 |
|
| 100 | 1 |
_aPoniatowska, Elena, _d1933- |
|
| 245 | 1 | 0 |
_aLilus kikus / _cElena Poniatowska ; il. de Leonora Carrington. |
| 260 |
_aMéxico : _bEra : _bSEP, Libros del Rincón, _c1992. |
||
| 300 |
_a62 p. : _bil. |
||
| 440 | 0 | _aBiblioteca Era | |
| 650 | 4 |
_aCuentos infantiles mexicanos _97723 |
|
| 905 | _aInfantil | ||
| 999 |
_c35378 _d35378 |
||